000 00786nam a2200217Ia 4500
005 20241129111228.0
008 241129s9999||||xx |||||||||||||| ||und||
020 _a978-1-032-65662-5
037 _aTB
040 _aCRL
_beng
_cCRL
041 _aeng
_2eng
084 _aV49G:71.J R4
_qCRL
100 _aSen Swadhin Ed.; Varma Supriya Ed.; Sahu Bhairabi Prasad Ed.
_9723733
245 0 _aArchaeology of early medieval and medieval and mediwal south asia: contesting narratives from the eastern Ganga Brahmputra basin
_cSen Swadhin Ed.; Varma Supriya Ed.; Sahu Bhairabi Prasad Ed.
260 _aLondon, UK
_bRoutledge
_c2024
300 _axxxi,373p.
365 _aINR
_b1595
650 _a South Asian History
942 _cTB
_hV49G:71.J R4
999 _c1229481
_d1229481